00513nam a2200181Ia 4500003000400000008004100004040001600045082001300061100002200074245008600096260004800182300001000230650003300240650001800273650001200291650001400303650001400317GCL140319s9999 xx 000 0 eng d aGCL / cGCL04a153bB I1 aBAARS, BERNARD J.10aIN THE THEATER OF CONSCIOUSNESS: THE WORK SPACE OF THE MIND / cBAARS, BERNARD J. a[S.N] : bOXFORD UNIVERSITY PRESS ، c1997 a193 P04aHUMAN INFORMATION PROCESSING04aCONSCIOUSNESS04aTHEATER04aCOGNITION04aINTELLECT